00327nam a2200145Ia 4500008004100000020001500041041001200056082001100068100002000079245001600099260002500115300000800140650001600148700001700164221030s9999 xx 000 0 und d a0070616671 aEnglish a105.23 aK. R. Venugopal 0aMastering C bTMHaNew Delhic2009 a854 aBE Computer aS. R. Prasad